00654nam a2200169 a 450000100100000000500170001000800410002702000150006804000250008310000610010824500800016926000760024930000280032504900090035395201050036299900170046700002244120200930021625.0101011s2005 cu a 001 0 spa d a9591010656 aDO-SdBNPbspacBNPHU1 aRiverón, Rogelio M.q(Riverón Morales)d1964-94625710aNarradores cubanos de hoy :bentrevistas y relatos /cRogelio M. Riverón. aLa Habana :bInstituto Cubano del LibrobEditorial Letra Cubana,c2005. a343 p. :bil. ;c19 cm. aBNPD 001050718MOaPDbPDcCTd2010-10-11iLF1l0o p22441-10r2020-06-25w2020-06-25y1ZNo se presta c21939d21939